| 000 | 00462nam a2200181Ia 4500 | ||
|---|---|---|---|
| 005 | 20250923150219.0 | ||
| 008 | 008 250917s9999 xx 000 0 eng d | ||
| 037 | _aTextual | ||
| 040 |
_aDSWL _beng _cDSWL |
||
| 041 |
_aeng _2eng |
||
| 084 | _qDSWL | ||
| 100 |
_aHorner, N _9843472 |
||
| 245 | 0 |
_aWhat is Social Work _cby N Horner |
|
| 260 |
_aExeter _bLearning Matters _c2006 |
||
| 300 | _a175 p. | ||
| 942 | _cTEXL | ||
| 999 |
_c1460880 _d1460880 |
||